000 004480000a22001810004500
003 MACL
005 20150801132543.0
008 150801b xxu||||| |||| 00| 0 eng d
040 _aMACL
_cMACL
041 _aEnglish
082 _a361.3/MAL
100 _aMalkani, A K
_94062
245 _aSocial Work for The Poor
260 _bMohit Publications
_c2008
_aNew Delhi
350 _a850
650 _aSocial Work
_94064
942 _cBK
_k361.3/MAL
_2ddc
999 _c41845
_d41845